Narnia - The Last 100 Words of The Last Battle - Statistics

General Stats
  • This quiz has been taken 155 times
  • The average score is 47 of 100
Answer Stats
Answer % Correct
I
89%
the
85%
and
68%
And
68%
of
66%
Narnia
61%
is
59%
no
59%
we
59%
for
58%
in
58%
on
57%
that
57%
end
56%
they
54%
it
52%
this
51%
ever
50%
ever:
50%
all
49%
All
49%
can
49%
so
48%
beginning
47%
story.
46%
Story
46%
was
46%
them.
45%
them
45%
One
44%
one
44%
But
42%
has
42%
real
41%
than
41%
world
41%
great
40%
Great
40%
every
38%
better
36%
earth
36%
before.
35%
their
35%
were
35%
only
34%
which
33%
Chapter
32%
chapter
32%
cannot
31%
life
31%
say
31%
us
31%
after.
30%
goes
29%
at
28%
read:
28%
had
27%
stories,
26%
happily
25%
adventures
23%
been
23%
lived
23%
now
23%
write
23%
beautiful
22%
page:
21%
title
19%
truly
18%
cover
16%
most
14%
least
5%
No matching quizzes found
Score Distribution
Percent of People with Each Score
Percentile by Number Answered
Your Score History
You have not taken this quiz